Επαλήθευση συγγραφέα : μεταπτυχιακή εργασία
Η αναγνώριση του συγγραφέα (authorship attribution) ενός κειμένου είναι το πρόβλημα προσδιορισμού του συγγραφέα ενός ανώνυμου ή αμφισβητούμενου κειμένου.Η επαλήθευση συγγραφέα(Author Verification) είναι η ειδική περίπτωση όπου το σύνολο των πιθανών συντακτών είναι μονοσύνολο, δηλαδή υπάρχει μόνο ένα...
Αποθηκεύτηκε σε:
| Κύριος συγγραφέας: | |
|---|---|
| Συγγραφή απο Οργανισμό/Αρχή: | |
| Μορφή: | Thesis Βιβλίο |
| Γλώσσα: | Greek |
| Δημοσίευση: |
2014.
|
| Θέματα: | |
| Διαθέσιμο Online: | http://hdl.handle.net/11610/12528 |
| Ετικέτες: |
Προσθήκη ετικέτας
Δεν υπάρχουν, Καταχωρήστε ετικέτα πρώτοι!
|
MARC
| LEADER | 00000cam a2200000 i 4500 | ||
|---|---|---|---|
| 001 | 1/48268 | ||
| 008 | 140527s2014 gr | ||| |||| ||gre|| | ||
| 035 | |l 10117800 | ||
| 040 | |a GR-MyUA |b gre |e AACR2 | ||
| 041 | 0 | |a gre | |
| 082 | 0 | |a 809 |2 (22) | |
| 100 | 1 | |a Πόθα, Νεκταρία. | |
| 245 | 1 | 0 | |a Επαλήθευση συγγραφέα : |b μεταπτυχιακή εργασία / |c Νεκταρία Πόθα ; επιβλέπων καθηγητής Ευστάθιος Σταματάτος. |
| 260 | |c 2014. | ||
| 300 | |a 182 σ. : |b εικ. διαγρ., πιν. ; |c 30 εκ. | ||
| 502 | |a Διατριβή (μεταπτυχιακή) – Πανεπιστήμιο Αιγαίου, Σάμος, 2014. | ||
| 504 | |a Βιβλιογραφία: σ. 135-137. | ||
| 506 | 0 | |a Διάθεση πλήρους κειμένου - Ελεύθερη πρόσβαση. | |
| 520 | |a Η αναγνώριση του συγγραφέα (authorship attribution) ενός κειμένου είναι το πρόβλημα προσδιορισμού του συγγραφέα ενός ανώνυμου ή αμφισβητούμενου κειμένου.Η επαλήθευση συγγραφέα(Author Verification) είναι η ειδική περίπτωση όπου το σύνολο των πιθανών συντακτών είναι μονοσύνολο, δηλαδή υπάρχει μόνο ένας υποψήφιος και είτε ο ίδιος έχει γράψει το άγνωστο, υπό εξέταση κείμενο, είτε «κάποιος άλλος», όπου ο «κάποιος άλλος» συγγραφέας θα μπορούσε να είναι ο καθένας στο σύμπαν. Στην πραγματικότητα μπορεί να το έχει γράψει οποιοσδήποτε και εμείς δεν γνωρίζουμε a priori ποιος είναι ο πραγματικός συγγραφέας του. Ένα τέτοιο πρόβλημα είναι πολύ πιο δύσκολο στην επίλυσή του από το πρόβλημα αναγνώρισης συγγραφέα κλειστού συνόλου.Στην περίπτωση αυτή μπορούμε να δημιουργήσουμε το υφομετρικό προφίλ του συγγραφέα, που θέλουμε να ελέγξουμε την πιθανότητα να είναι αυτός ο πραγματικός συντάκτης του ανώνυμου εγγράφου, αλλά δεν μπορούμε να δημιουργήσουμε εναλλακτικά υφομετρικά προφίλ, αφού δεν γνωρίζουμε ποιοι άλλοι είναι οι πιθανοί υποψήφιοι συγγραφείς. | ||
| 520 | |a Authorship attribution is the problem of identifying the author of an anonymous text, or text whose authorship is in doubt. The main idea behind statistically or computationally-supported authorship attribution is that by measuring some textual features we can distinguish between texts written by different authors.In the authorship attribution problem, we are given examples of the writing of a number of authors and are asked to determine which of them authored given anonymous texts. If it can be assumed for each test document that one of the specified authors is indeed the actual author, the problem fits the standard paradigm of a text categorization problem.In the authorship verification problem, we are given examples of the writing of a single author and are asked to determine if given texts were or were not written by this author. As a categorization problem, verification is significantly more difficult than attribution and little, if any, work has been performed on it in the learning community. | ||
| 650 | 0 | 0 | |a Authorship, Disputed. |
| 650 | 0 | 0 | |a Dissertations, Academic |z Greece. |
| 700 | 1 | |a Σταματάτος, Ευστάθιος, |e dgs | |
| 710 | 2 | |a Πανεπιστήμιο Αιγαίου. |b Σχολή Θετικών Επιστημών. |b Τμήμα Μηχανικών Πληροφοριακών και Επικοινωνιακών Συστημάτων. |b Π.Μ.Σ. Τεχνολογίες και Διοίκηση Πληροφοριακών και Επικοινωνιακών Συστημάτων. | |
| 852 | |a INST |b SAMOS |c DIATR |e 20140527 |h 509 ΠΟΘ |p 005300036735 |q 005300036735 |t MTXE |y 23 | ||
| 852 | |a INST |b SAMOS |c DIATR |e 20140527 |h 509 ΠΟΘ |p 005300036736 |q 005300036736 |t MTXE |y 23 | ||
| 856 | |u http://hdl.handle.net/11610/12528 | ||
| 901 | |a BIBL3-2014-2 | ||
| 909 | |a Σ |b 184882 | ||
| 909 | |a Σ |b 184883 | ||
| 924 | |a ΠΟΘΑ |b ΝΕΚΤΑΡΙΑ |y Σάμος |z 2014-03 | ||
| 970 | |a ΚΟΣΙΕΡΗΣ |b ΧΡΗΣΤΟΣ |z 2014/05/27 | ||